Catálogo público

Desarrollo de microcápsulas a partir de proteína de lactosuero mediante los procesos de emulsificación y gelación : (Record no. 209612)

MARC details
000 -CABECERA
campo de control de longitud fija 04915nam a2200481Ia 4500
001 - NÚMERO DE CONTROL
campo de control dia_5848
003 - IDENTIFICADOR DEL NÚMERO DE CONTROL
campo de control CHAP
005 - FECHA Y HORA DE LA ÚLTIMA TRANSACCIÓN
campo de control 20240827123036.0
007 - CAMPO FIJO DE DESCRIPCIÓN FÍSICA--INFORMACIÓN GENERAL
campo de control de longitud fija ta
008 - DATOS DE LONGITUD FIJA--INFORMACIÓN GENERAL
campo de control de longitud fija 220601s2014 mx do frm 001 0 spa d
040 ## - FUENTE DE LA CATALOGACIÓN
Centro catalogador/agencia de origen mxchpua
Centro/agencia transcriptor CHAP
Normas de descripción rda
041 0# - CÓDIGO DE LENGUA
Código de lengua del texto/banda sonora o título independiente spa
Código de lengua del sumario o resumen eng
090 ## - LOCALMENTE ASIGNADO TIPO-LC NÚMERO DE CLASIFICACIÓN (OCLC); NÚMERO DE CLASIFICACIÓN LOCAL (RLIN)
Número de clasificación (OCLC) (R) ; Numero de clasificación, CALL (RLIN) (NR) Tesis
Número cutter local (OCLC) ; Número de libro/Signatura topográfica íntegra, CALL (RLIN) G663
año 2014
100 1# - ENTRADA PRINCIPAL--NOMBRE DE PERSONA
Nombre de persona Gómez Maldonado, Deysi
240 10 - TÍTULO UNIFORME
Título uniforme Development of microcapsules using whey protein by means of emulsification and gelation processes: encapsulation of poliunsaturated fatty acids.
Lenguaje de la obra Español
245 10 - MENCIÓN DE TÍTULO
Título Desarrollo de microcápsulas a partir de proteína de lactosuero mediante los procesos de emulsificación y gelación :
Resto del título encapsulamiento de ácidos grasos polinsaturados /
Mención de responsabilidad, etc. Deysi Gómez Maldonado
264 ## - PRODUCCIÓN, PUBLICACIÓN, DISTRIBUCIÓN, FABRICACIÓN Y COPYRIGHT
Producción, publicación, distribución, fabricación y copyright Chapingo, México :
Nombre del de productor, editor, distribuidor, fabricante El autor,
Fecha de producción, publicación, distribución, fabricación o copyright 2014
300 ## - DESCRIPCIÓN FÍSICA
Extensión xi, 82 hojas :
Otras características físicas gráficas, diagramas, tablas, fotos +
Material acompañante/anejo 1 CD-ROM
336 ## - TIPO DE CONTENIDO
Fuente rdacontent
Término de tipo de contenido texto
Código de tipo de contenido txt
337 ## - TIPO DE MEDIO
Fuente rdamedia
Nombre/término del tipo de medio no mediado
Código del tipo de medio n
338 ## - TIPO DE SOPORTE
Fuente rdacarrier
Nombre/término del tipo de soporte volumen
Código del tipo de soporte nc
500 ## - NOTA GENERAL
Nota general El CD contiene reporte.
502 ## - NOTA DE TESIS
Nota de tesis Tesis
Tipo de título (Maestro en Ciencias en Ciencia y Tecnología Agroalimentaría) --
Nombre de la institución que otorga el título UACh. Departamento de Ingeniería Agroindustrial,
Año de obtención del título 2014
504 ## - NOTA DE BIBLIOGRAFÍA, ETC.
Nota de bibliografía, etc. Incluye bibliografías
520 3# - SUMARIO, ETC.
Sumario, etc. El objetivo de este trabajo fue microencapsular aceites de semilla de uva, de chía y linaza, usando como material encapsulante las proteínas de lactosuero, mediante emulsificación y gelación por calor; así como la evaluación de su aplicación en queso Panela reducido en grasa láctea. Se obtuvieron microcápsulas que variaron en tamaño de 485.7 21.1 a 627.1  31.2 m, con rendimientos mayores a 90 % donde las MU y ML, mostraron porcentajes de proteína y de aceite encapsulado comparables entre sí (p  0.05), y mayores (p  0.05) que aquellos presentados por MCH. Se elaboraron tres quesos Panela bajos en grasa preparados a partir de leche (13.5, 6.75 y 0 g grasa L-1 ) adicionados con microcápsulas conteniendo aceites esenciales (Q50GL,50CH, Q25GL,75CH, Q0GL,100CH, Q50GL,50U, Q25GL,75U, Q0GL,100U, Q50GL,50L, Q25GL,75L, Q0GL,100L,). Como control se elaboró un queso completo en grasa (Q100GL). Los quesos de los diferentes tratamientos después de 48 h, fueron sujetos a análisis de composición química, determinación instrumental de textura, análisis de microestructura y evaluación sensorial. Éstos difirieron (p ≤ 0.05) en sus contenidos de grasa, humedad y proteína, dependiendo del grado de sustitución de la grasa láctea por microcápsulas, así como del tipo de aceite encapsulado, presentando aumentos en sus contenidos de proteína y disminución en aquellos de grasa. Los quesos Q50GL,50CH, Q50GL,50U y Q50GL,50L mostraron características texturales similares al queso Q100GL., siendo el Q50GL,50L el más aceptado por los consumidores.
520 3# - SUMARIO, ETC.
Sumario, etc. The objective of this work was to microencapsulate grape seed, chia seed and linseed oils with heat emulsified and gelated whey proteins as encapsulating material and to evaluate their application in reduced fat Panela cheese. Microcapsules that varied in size from 485.7 ± 21.1 to 627.1 ± 31.2 were obtained with yields greater than 90%. MU and ML had comparable percentages of protein and encapsulated oil (p0.05), which were higher (p  0.05) than those of MCH. Three low fat Panela cheeses were prepared from milk (13.5, 6.75, 0 g fat L-1) supplenented with microcapsules containing essential oils (Q50GL,50CH, Q25GL,75CH, Q0GL,100CH, Q50GL,50U, Q25GL,75U, Q0GL,100U, Q50GL,50L, Q25GL,75L, Q0GL,100L). A whole fat cheese (Q100GL) was developed as a control. After 48 h, the cheeses of different treatments were subjected to analysis of chemical composition, instrumental determination of texture, analysis of microstructure and sensory evaluation. These differed (p ≤ 0.05) in their fat, moisture and protein contents, depending on the degree of substitution of milk fat by microcapsules, as well as on the type of oil encapsulated, presenting increases in protein content and decreases in fat. The cheeses Q50GL,50CH, Q50GL,50Uand Q50GL,50Lshowed textural characteristics similar to cheese Q100GL and Q50GL,50L, the latter was the most accepted by consumers.
650 13 - PUNTO DE ACCESO ADICIONAL DE MATERIA--TÉRMINO DE MATERIA
Término de materia o nombre geográfico como elemento de entrada Quesos
Fuente del encabezamiento o término atg
650 13 - PUNTO DE ACCESO ADICIONAL DE MATERIA--TÉRMINO DE MATERIA
Término de materia o nombre geográfico como elemento de entrada Microencapsulación
Fuente del encabezamiento o término atg
650 13 - PUNTO DE ACCESO ADICIONAL DE MATERIA--TÉRMINO DE MATERIA
Término de materia o nombre geográfico como elemento de entrada Gelatinización
Fuente del encabezamiento o término atg
650 13 - PUNTO DE ACCESO ADICIONAL DE MATERIA--TÉRMINO DE MATERIA
Término de materia o nombre geográfico como elemento de entrada Emulsificación
Fuente del encabezamiento o término atg
650 13 - PUNTO DE ACCESO ADICIONAL DE MATERIA--TÉRMINO DE MATERIA
Término de materia o nombre geográfico como elemento de entrada Cheeses
Fuente del encabezamiento o término atg
650 13 - PUNTO DE ACCESO ADICIONAL DE MATERIA--TÉRMINO DE MATERIA
Término de materia o nombre geográfico como elemento de entrada Microencapsulation
Fuente del encabezamiento o término atg
650 13 - PUNTO DE ACCESO ADICIONAL DE MATERIA--TÉRMINO DE MATERIA
Término de materia o nombre geográfico como elemento de entrada Gelatinization
Fuente del encabezamiento o término atg
650 13 - PUNTO DE ACCESO ADICIONAL DE MATERIA--TÉRMINO DE MATERIA
Término de materia o nombre geográfico como elemento de entrada Emulsifying
Fuente del encabezamiento o término atg
700 1# - PUNTO DE ACCESO ADICIONAL--NOMBRE DE PERSONA
Nombre de persona Lobato Calleros, Consuelo Silvia Olivia
Término indicativo de función/relación directora
700 1# - PUNTO DE ACCESO ADICIONAL--NOMBRE DE PERSONA
Nombre de persona Vernon Carter, Eduardo Jaime
Término indicativo de función/relación asesor
700 1# - PUNTO DE ACCESO ADICIONAL--NOMBRE DE PERSONA
Nombre de persona Aguirre Mandujano, Eleazar
Término indicativo de función/relación asesor
856 41 - LOCALIZACIÓN Y ACCESO ELECTRÓNICOS
Identificador Uniforme del Recurso <a href="http://10.13.5.2/tesis/sist111247.pdf">http://10.13.5.2/tesis/sist111247.pdf</a>
Texto de enlace DESCARGAR PDF
901 ## - ELEMENTOS DE DATOS A LOCAL LDA (RLIN)
a TESIS G663 2014
942 ## - ELEMENTOS DE PUNTO DE ACCESO ADICIONAL (KOHA)
Tipo de ítem Koha TESIS
Fuente del sistema de clasificación o colocación Clasificación Universidad Autónoma Chapingo
902 ## - ELEMENTOS DE DATOS B LOCAL, LDB (RLIN)
a M
905 ## - ELEMENTOS DE DATOS E LOCAL, LDE (RLIN)
a 5132272014 mx nmdl8223123322spa16
Holdings
Estado de retiro Estado de pérdida Fuente del sistema de clasificación o colocación Estado dañado Restricciones de uso No para préstamo Código de colección Localización permanente Ubicación/localización actual Fecha de adquisición Fuente de adquisición Total de préstamos Signatura topográfica completa Código de barras Fecha visto por última vez Fecha del último préstamo Número de copia Precio válido a partir de Tipo de ítem Koha Ubicación en estantería
    Clasificación Universidad Autónoma de Chapingo   Préstamo 5 días   Tesis Ingenieria Agroindustrial Ingenieria Agroindustrial 01/06/2022 El autor 1 Tesis G663 2014 1101008998 06/09/2024 06/09/2024 Ej. 2 01/06/2022 CD  
    Clasificación Universidad Autónoma de Chapingo   Préstamo interno   Tesis Ingenieria Agroindustrial Ingenieria Agroindustrial 01/06/2022 El autor   Tesis G663 2014 1101008992 01/06/2022   Ej. 1 01/06/2022 CD  
    Clasificación Universidad Autónoma de Chapingo       Tesis digitales de Maestría Ingenieria Agroindustrial Ingenieria Agroindustrial 27/08/2024 El autor     1201008992 27/08/2024     27/08/2024 Tesis digital En línea